000 00791nam a2200205 4500
001 123203
003 ES-MaACL
005 20230906192129.0
007 t|
008 070214s1973 sp r ||||0| spa d
100 1 _aQuero Jiménez, Manuel.
_994541
245 1 0 _aCardiopatías congénitas
_b: diagnóstico y tratamiento de urgencia /
_cpor Manuel Quero Jiménez ; con la colaboración de Luis Pérez Díaz, Javier Codina Bourgon ; prólogos de E. Jaso Roldán, M. Torner Soler.
260 _aBarcelona :
_bCientífico Médica,
_c1973.
300 _aXIII, 187 p :
_bil ;
_c24 cm.
700 1 _aPérez Díaz, Luis.
_990831
700 1 _aCodina Bourgon, Javier.
_939430
700 1 _aJaso Roldán, E.
_966153
700 0 _aTorner Soler, M.
_9110668
852 _aES-MaACL
_jC-53290
_bR.86124
999 _c123203
_d123203